Emoce a výkonnost

Salvato in:
Dettagli Bibliografici
Autore principale: Machač, Miloš
Altri autori: Machačová, Helena, Hoskovec, Jiří
Natura: Libro
Lingua:ceco
Pubblicazione: Praha Stát. ped. nakl. 1988
Edizione:1. vyd.
Serie:Učebnice pro vysoké školy
Tags: Aggiungi Tag
Nessun Tag, puoi essere il primo ad aggiungerne!!

MARC

LEADER 00000nam a2200000 4500
001 c039254
005 20221206134205.4
041 0 |a cze 
044 |a CZ 
245 1 0 |a Emoce a výkonnost  |c Miloš Machač, Helena Machačová, Jiří Hoskovec 
250 |a 1. vyd. 
264 1 |a Praha  |b Stát. ped. nakl.  |c 1988 
300 |a 283 s. 
490 1 |a Učebnice pro vysoké školy 
830 0 |a Učebnice pro vysoké školy 
100 1 |a Machač, Miloš 
700 1 |a Machačová, Helena 
700 1 |a Hoskovec, Jiří